00000000nas 2200000zi 4500
0019.921878
003CaOODSP
00520231129100508
006m     o  d f      
007cr |||||||||||
008230421d19921997oncar p os   f0###a0eng|d
022 |y1209-8205
040 |aCaOODSP|beng|erda|cCaOODSP
043 |an-cn---
0861 |aId51-2E-PDF
24500|aCanada business facts.
264 1|a[Ottawa] : |b[Investment Canada], |c1992-[1997].
310 |aAnnual
336 |atext|btxt|2rdacontent
337 |acomputer|bc|2rdamedia
338 |aonline resource|bcr|2rdacarrier
3621 |aBegan with 1992; ceased with 1997.
500 |aIssued also in French under title: Données socio-économiques sur le Canada.
500 |aDigitized edition from print [produced by Innovation, Science and Economic Development Canada].
500 |aTitle from cover.
550 |aIssued 1996-1997? by International Marketing Group, Dept. of Foreign Affairs and International Trade of Canada.
588 |aDescription based on: 1992.
588 |aLatest issue consulted: 1993.
650 0|aInvestments|zCanada|vStatistics|vPeriodicals.
650 0|aIndustrial statistics|zCanada|vPeriodicals.
650 0|aSocial indicators|zCanada|vPeriodicals.
651 0|aCanada|xEconomic conditions|vStatistics|vPeriodicals.
651 0|aCanada|xCommerce|vStatistics|vPeriodicals.
655 7|aPeriodicals|2lcgft
7102 |aInvestment Canada, |eissuing body.
77508|tDonnées socio-économiques sur le Canada.|w(CaOODSP)9.921877